000
00295nam a22001337a 4500
020
_a
00213652-8956955
041
_a
ENG
100
_a
Narkhede .S.N
245
_a
Chemistry of Engineering Materials
260
_a
pune
_b
Nirali Prakahan
_c
1999
300
_a
331
650
_a
EOES
856
_u
EOES
999
_c
253
_d
253